000 00516nam a2200205Ia 4500
005 20240823042057.0
008 240823s9999||||xx |||||||||||||| ||und||
020 _a81-89638-53-X
041 _aENGLISH
082 _A670.42 P6
100 _aThomas koil raj T
245 0 _aManufacturing Technology - I
250 _a1st
260 _c2006
_b"Anuradha Agencies,Kumba"
500 _aTRANSFERED
650 _aManufactur Processes
_bMechanical
700 _a Shanmuga Sundar G
942 _cBK
999 _c207015
_d207015